00956nam a22002417a 4500999001900000005001700019010001500036020003100051035001400082037001300096082001000109100001700119245009000136260004400226270011100270300009100381700001700472700001900489700002400508700002400532942002400556952013400580 c178731d17873120220216103522.0 aENG-129438 c1995.00a978-93-88016-68-1 aEN-112970 bDBAD/PUB a371.9 aJasmer Singh aHandbook on Special Education and Children With Special Needs/bJasmer Singh, et. al. aNew DelhibNeelkamal Publicationsc2019 a4764/1, 23, Ansari Road, DaryaganjbNew Delhie110002k011-23244237, 98118-28953mneelkamalbooks@gmail.com axviii+498p.c24cm(hbk)bincluding illustrations, Bibliographical references and index. aJasmer Singh aG. Sri Krishna aMishra, Premananda  aReddy, K. Srinivas  2ddccENh371.9mSPE 001040708NFICaAVbAVd2021-04-12eDBAD/PUBg1995.00l1o371.9 HANpEN-112970r2022-06-04 00:00:00s2022-05-27t1v1995.00yEN